000 00580nam a2200193Ia 4500
005 20250508151449.0
008 008 250505s9999 xx 000 0 eng d
037 _aBooks to be hide in OPAC
040 _aFEDL
_beng
_cFEDL
041 _aeng
_2eng
084 _a001.42, COL
_qFEDL
100 _aCole Arthur H
_9345752
245 0 _aManual of thesis-writing: For graduates and undergraduates
260 _aNew York, USA
_bJohn Wiley and Sons
_c1934
300 _aix, 51p.
650 _aResearch Methods
942 _cHB
_h001.42, COL
999 _c1329966
_d1329966